[Event "Mexico City Fenamac-A 2nd"]
[Site "Mexico City"]
[Date "2020.03.12"]
[Round "1"]
[White "Corrales Jimenez, Zenia"]
[Black "Cori Quispe, Kevin Joel"]
[Result "1/2-1/2"]
[WhiteElo "2194"]
[BlackElo "2493"]
[PlyCount "48"]
[EventDate "2020.03.12"]
[EventType "tourn"]
[EventRounds "9"]
[EventCountry "MEX"]
[EventCategory "3"]
[SourceTitle "CBM 195 Extra"]
[Source "ChessBase"]
[SourceDate "2020.05.31"]
[SourceVersion "1"]
[SourceVersionDate "2020.05.31"]
[SourceQuality "1"]

1. e4 c5 2. Nf3 Nc6 3. d4 cxd4 4. Nxd4 Nf6 5. Nc3 d6 6. Be2 e5 7. Nb3 Be7 8. Bg5 0-0 9. Bxf6 Bxf6 10. Nd5 Bg5 11. Bc4 Be6 12. c3 Rc8 13. Qd3 Kh8 14. 0-0 g6 15. Rad1 f5 16. Ne3 fxe4 17. Qxd6 Bxc4 18. Nxc4 e3 19. Nxe3 Bxe3 20. Qxd8 Bxf2+ 21. Rxf2 Rfxd8 22. Rxd8+ Rxd8 23. Nc5 b6 24. Ne4 Rd1+ 1/2-1/2

[Event "Guayaquil zt 2.4"]
[Site "Guayaquil"]
[Date "2019.04.13"]
[Round "7"]
[White "Cruz, Cristhian"]
[Black "Cori Quispe, Kevin Joel"]
[Result "1/2-1/2"]
[WhiteElo "2569"]
[BlackElo "2497"]
[PlyCount "41"]
[EventDate "2019.04.09"]
[EventType "swiss"]
[EventRounds "9"]
[EventCountry "ECU"]
[SourceTitle "CBM 189 Extra"]
[Source "ChessBase"]
[SourceDate "2019.06.03"]
[SourceVersion "1"]
[SourceVersionDate "2019.06.03"]
[SourceQuality "1"]

1. d4 Nf6 2. c4 e6 3. Nf3 Bb4+ 4. Bd2 Qe7 5. g3 Nc6 6. e3 0-0 7. Bg2 b6 8. 0-0 Bxd2 9. Nfxd2 Bb7 10. Nc3 d6 11. Qa4 Nd8 12. d5 Nd7 13. Qc2 c6 14. dxc6 Nxc6 15. Rad1 Rfd8 16. Nde4 Nc5 17. Nxc5 dxc5 18. Rxd8+ Rxd8 19. Rd1 Na5 20. Rxd8+ Qxd8 21. Bxb7 1/2-1/2

[Event "Guayaquil zt 2.4"]
[Site "Guayaquil"]
[Date "2019.04.10"]
[Round "2"]
[White "Cori Quispe, Kevin Joel"]
[Black "Munoz Sanchez, Miguel Angel"]
[Result "1-0"]
[WhiteElo "2497"]
[BlackElo "2246"]
[PlyCount "103"]
[EventDate "2019.04.09"]
[EventType "swiss"]
[EventRounds "9"]
[EventCountry "ECU"]
[SourceTitle "CBM 189 Extra"]
[Source "ChessBase"]
[SourceDate "2019.06.03"]
[SourceVersion "1"]
[SourceVersionDate "2019.06.03"]
[SourceQuality "1"]

1. e4 e5 2. Nf3 Nc6 3. Bc4 Nf6 4. d3 Bc5 5. 0-0 d6 6. c3 Bb6 7. a4 0-0 8. Bg5 a6 9. Na3 h6 10. Bh4 Kh7 11. Bb3 g5 12. Bg3 Bg4 13. Nc4 Ba7 14. Ne3 Bh5 15. Bc2 Bg6 16. Re1 Nh5 17. a5 Ne7 18. d4 f6 19. Qd2 Nf4 20. h3 Qc8 21. Nh2 Qe6 22. f3 Rad8 23. Kh1 Qf7 24. Nhf1 Nc6 25. Ra4 Rfe8 26. Bh2 Qd7 27. Ng4 Kg7 28. Nfe3 h5 29. Nf2 Ne7 30. h4 Rf8 31. Rd1 Qc8 32. Bb3 Rh8 33. g3 Nh3 34. Nxh3 Qxh3 35. Qg2 Qc8 36. f4 g4 37. f5 Bf7 38. Bxf7 Kxf7 39. Bg1 Qd7 40. Qc2 Qc8 41. Qb3+ Kg7 42. Qe6 Rhe8 43. Rb4 Qb8 44. dxe5 dxe5 45. Rd7 Bc5 46. Nd5 Rxd7 47. Qxf6+ Kg8 48. Qe6+ Kf8 49. Bxc5 Rxd5 50. exd5 b6 51. axb6 cxb6 52. Rxb6 1-0

[Event "Barcelona Sants op 20th"]
[Site "Barcelona"]
[Date "2018.08.21"]
[Round "5"]
[White "Cori Quispe, Kevin Joel"]
[Black "Abdulla, Murad"]
[Result "0-1"]
[WhiteElo "2480"]
[BlackElo "2329"]
[PlyCount "54"]
[EventDate "2018.08.17"]
[EventType "swiss"]
[EventRounds "10"]
[EventCountry "ESP"]
[SourceTitle "CBM 186 Extra"]
[Source "ChessBase"]
[SourceDate "2018.08.24"]
[SourceVersion "1"]
[SourceVersionDate "2018.08.24"]
[SourceQuality "1"]

1. e4 c5 2. Nf3 d6 3. d4 cxd4 4. Nxd4 Nf6 5. Nc3 g6 6. Be3 Bg7 7. f3 0-0 8. Qd2 Nc6 9. g4 Be6 10. Nxe6 fxe6 11. 0-0-0 Ne5 12. Be2 Qc8 13. h4 Nfd7 14. f4 Nc4 15. Bxc4 Qxc4 16. e5 Rad8 17. h5 dxe5 18. f5 gxf5 19. gxf5 exf5 20. Rhg1 Nf6 21. Qxd8 Rxd8 22. Rxd8+ Kf7 23. h6 Bf8 24. Bd2 f4 25. Re1 Bxh6 26. b3 Qc6 27. Kb2 e4 0-1

[Event "Barcelona Sants op 20th"]
[Site "Barcelona"]
[Date "2018.08.19"]
[Round "3"]
[White "Cori Quispe, Kevin Joel"]
[Black "Rajesh, VAV"]
[Result "0-1"]
[WhiteElo "2480"]
[BlackElo "2325"]
[PlyCount "78"]
[EventDate "2018.08.17"]
[EventType "swiss"]
[EventRounds "10"]
[EventCountry "ESP"]
[SourceTitle "CBM 186 Extra"]
[Source "ChessBase"]
[SourceDate "2018.08.24"]
[SourceVersion "1"]
[SourceVersionDate "2018.08.24"]
[SourceQuality "1"]

1. e4 e5 2. Nf3 Nc6 3. Bc4 Bc5 4. 0-0 Nf6 5. d3 d6 6. a4 h6 7. a5 a6 8. c3 0-0 9. Re1 Be6 10. Nbd2 Qd7 11. Nf1 Ng4 12. Be3 Nxe3 13. Nxe3 Bxe3 14. Rxe3 Bxc4 15. dxc4 f5 16. c5 fxe4 17. Rxe4 d5 18. Re1 Qf7 19. Re2 e4 20. Nd2 Ne5 21. f3 Nd3 22. fxe4 dxe4 23. Qb3 Nxc5 24. Qxf7+ Rxf7 25. b4 Nd3 26. Rxe4 c5 27. Nf3 Rd8 28. Rd1 Rfd7 29. h4 cxb4 30. cxb4 Rd5 31. Rd2 Nxb4 32. Rb2 Nd3 33. Rb6 Nc5 34. Rc4 R8d7 35. Kh2 Re7 36. Rg4 Kf8 37. Nd4 Ke8 38. Rf4 Nd3 39. Rg4 h5 0-1

[Event "Pontevedra op-A 6th"]
[Site "Pontevedra"]
[Date "2018.08.14"]
[Round "9"]
[White "Cori Quispe, Kevin Joel"]
[Black "Petkov, Vladimir"]
[Result "1-0"]
[WhiteElo "2480"]
[BlackElo "2494"]
[PlyCount "67"]
[EventDate "2018.08.08"]
[EventType "swiss"]
[EventRounds "9"]
[EventCountry "ESP"]
[SourceTitle "CBM 186 Extra"]
[Source "ChessBase"]
[SourceDate "2018.08.24"]
[SourceVersion "1"]
[SourceVersionDate "2018.08.24"]
[SourceQuality "1"]

1. e4 e5 2. Nf3 Nc6 3. Bc4 Nf6 4. d3 Bc5 5. c3 a6 6. Bb3 d6 7. Nbd2 0-0 8. h3 Ba7 9. Nf1 Ne7 10. Ng3 Ng6 11. 0-0 h6 12. d4 exd4 13. cxd4 d5 14. e5 Ne4 15. Bc2 Nxg3 16. fxg3 Be6 17. Be3 Qd7 18. g4 Rae8 19. b4 Qe7 20. a3 Bd7 21. Qd2 Bb5 22. Rf2 Bc4 23. Bxh6 gxh6 24. Qxh6 Bxd4 25. Nxd4 Qxe5 26. Bxg6 fxg6 27. Rxf8+ Rxf8 28. Qxg6+ Kh8 29. Qh6+ Kg8 30. Rd1 Rf6 31. Qd2 b6 32. Re1 Qf4 33. Re8+ Kf7 34. Rf8+ 1-0

[Event "Pontevedra op-A 6th"]
[Site "Pontevedra"]
[Date "2018.08.12"]
[Round "7"]
[White "Cori Quispe, Kevin Joel"]
[Black "Venkatesh, Marani Rajendran"]
[Result "1/2-1/2"]
[WhiteElo "2480"]
[BlackElo "2499"]
[PlyCount "56"]
[EventDate "2018.08.08"]
[EventType "swiss"]
[EventRounds "9"]
[EventCountry "ESP"]
[SourceTitle "CBM 186 Extra"]
[Source "ChessBase"]
[SourceDate "2018.08.24"]
[SourceVersion "1"]
[SourceVersionDate "2018.08.24"]
[SourceQuality "1"]

1. e4 e5 2. Nf3 Nc6 3. Bc4 Nf6 4. d3 Bc5 5. c3 d6 6. 0-0 0-0 7. a4 a5 8. Bg5 h6 9. Bh4 g5 10. Bg3 Qe7 11. Re1 Ba7 12. Nbd2 Be6 13. Bb3 Nd8 14. Bc2 Nh5 15. Nf1 Nxg3 16. hxg3 Qf6 17. Ne3 Nc6 18. Nh2 Bxe3 19. Rxe3 Rad8 20. g4 Ne7 21. Nf1 Qf4 22. Rg3 d5 23. exd5 Nxd5 24. Qe2 Rfe8 25. Re1 Bd7 26. Bb3 Bc6 27. Ne3 Nxe3 28. Rxe3 b6 1/2-1/2

[Event "Pontevedra op-A 6th"]
[Site "Pontevedra"]
[Date "2018.08.10"]
[Round "4"]
[White "Cori Quispe, Kevin Joel"]
[Black "Garcia Sobrino, David"]
[Result "1-0"]
[WhiteElo "2480"]
[BlackElo "2211"]
[PlyCount "87"]
[EventDate "2018.08.08"]
[EventType "swiss"]
[EventRounds "9"]
[EventCountry "ESP"]
[SourceTitle "CBM 186 Extra"]
[Source "ChessBase"]
[SourceDate "2018.08.24"]
[SourceVersion "1"]
[SourceVersionDate "2018.08.24"]
[SourceQuality "1"]

1. e4 e6 2. d4 d5 3. Nc3 Bb4 4. e5 b6 5. Qg4 Bf8 6. Bb5+ c6 7. Ba4 a5 8. a3 Qd7 9. Nce2 Ba6 10. c3 Ne7 11. Ng3 Bd3 12. N1e2 b5 13. Bd1 c5 14. Nf4 Bf5 15. Qe2 cxd4 16. cxd4 Qb7 17. Be3 Bg6 18. a4 b4 19. h4 Nd7 20. h5 Bf5 21. h6 gxh6 22. Nfh5 Bg6 23. Qd2 0-0-0 24. Be2 Kb8 25. Bxh6 Bxh6 26. Qxh6 Rc8 27. Nf4 Nf5 28. Nxf5 Bxf5 29. Qg7 Rcf8 30. 0-0 Rhg8 31. Qh6 Rc8 32. Bd3 Bg6 33. Rfc1 Rgd8 34. Bb5 Nb6 35. Nd3 Rxc1+ 36. Nxc1 Nc4 37. Nb3 Qe7 38. Nc5 b3 39. Qc1 Bc2 40. Qe1 Rg8 41. Bxc4 dxc4 42. Qxa5 Rxg2+ 43. Kxg2 Qg5+ 44. Kf1 1-0